00809pab a2200181 454500008004000000100003000040245005100070260000900121300001200130362001200142520026600154650002400420650003600444773001700480909001000497999001700507952010300524180718b1999 xxu||||| |||| 00| 0 eng d aNair, T.P. Sankaran Kutty aGlasnost and perestroika in contemporary China c1999 ap.69-75 aJan-Mar aThe period of post Maoism can be called the period of Deng Siao Ping who through glasnost and perestroika was moving heaven and earth to make China a great industrial and nuclear power. It was also an effort to make China a great socialist country. - Reproduced aPerestroika - China aEconomic and social development aISDA Journal a41623 c41623d41623 00104070aIIPAbIIPAd2018-07-19hVolume no: 9, Issue no: 1pAR41999r2018-07-19w2018-07-19yAR